[Event "SRB-ch Semifinal 2022"]
[Site "Paracin"]
[Date "2022.03.17"]
[Round "1.1"]
[White "Mijatovic, Dusan"]
[Black "Budisavljevic, Luka"]
[Result "1/2-1/2"]
[WhiteElo "2165"]
[BlackElo "2511"]
[Annotator "TA"]
[PlyCount "40"]
[EventDate "2022.03.17"]
[EventType "swiss"]
[EventCountry "SRB"]
[SourceTitle "playchess.com"]
[Source "ChessBase"]
[SourceQuality "1"]

{[%evp 14,40,0,0,11,13,10,4,0,0,0,0,33,28,31,20,64,56,112,81,122,100,139,93,98,81,100,108,94]} 1. e4 c5 2. Nf3 e6 3. g3 Nc6 4. Bg2 Nf6 5. d3 {[%cal Bd2d3,Bd3d4][%mdl 32]} d6 6. O-O Be7 7. c3 O-O 8. Re1 Re8 {B30: Sicilian: 2...Nc6 3 Bb5, lines without ...g6.} 9. d4 d5 10. e5 Ne4 {The position is equal.} 11. Nbd2 Nxd2 12. Bxd2 {[#]} b6 $146 ({Predecessor:} 12... Qb6 13. Qb3 cxd4 14. Qxb6 axb6 15. Nxd4 Bd7 16. Bf1 Nxd4 17. cxd4 Ra4 18. Bc3 Bb4 {½-½ (33) Buzbuchi,I (2315)-Pavlovic,M (2482) Bucharest 2019}) 13. Bf1 {[%cal Bg2f1,Bf1b5,Bb5d3][%mdl 32]} a5 14. Bb5 Bd7 (14... Qc7 $11 {is superior.}) 15. Bd3 $1 $14 a4 {[#]} (15... cxd4 $14 16. Nxd4 Nxd4 17. cxd4 b5) 16. h4 $1 $16 a3 (16... Rf8 $142) 17. b3 Rc8 18. Ng5 ({White should try} 18. Kg2) 18... g6 {White is better.} 19. Qf3 Rf8 {[#]} 20. Nxh7 $1 {White is much more active.} Kxh7 {Weighted Error Value: White=0.04 (flawless) /Black=0.16 (very precise)} 1/2-1/2

[Event "SRB-ch Semifinal 2022"]
[Site "Paracin"]
[Date "2022.03.17"]
[Round "1.2"]
[White "Cabarkapa, Novak"]
[Black "Ivic, Matija"]
[Result "1-0"]
[WhiteElo "2483"]
[BlackElo "2216"]
[Annotator "TA"]
[PlyCount "27"]
[EventDate "2022.03.17"]
[EventType "swiss"]
[EventCountry "SRB"]
[SourceTitle "playchess.com"]
[Source "ChessBase"]
[SourceQuality "1"]

{[%evp 9,27,0,12,21,17,10,30,33,37,50,37,16,95,96,103,89,218,201,235,232]} 1. d4 Nf6 2. Nc3 d5 3. Bf4 g6 4. e3 Bg7 5. h4 O-O {[%cal Oc7c5]} 6. h5 {D00: 1 d4 d5: Unusual lines.} c5 7. hxg6 fxg6 8. dxc5 {White has an edge.} Nc6 9. Nf3 Bg4 {[%cal Oe7e5]} 10. Qd3 {[#]} Qa5 $146 (10... Nh5 $11 {remains equal.}) ({Predecessor:} 10... b6 11. O-O-O Nb4 12. Qb5 bxc5 13. Qxc5 a5 14. Qc7 Qxc7 15. Bxc7 Rfc8 16. Be5 Ne4 17. Bxg7 Kxg7 18. Nxe4 dxe4 19. Rd4 Rxc2+ 20. Kb1 Rac8 21. Bb5 Be6 {0-1 (21) Cabarkapa,N (2463)-Ivanisevic,I (2608) Vrnjacka Banja 2020}) 11. Qb5 $16 Qxb5 12. Bxb5 Ne4 (12... Nb4 $16 {was necessary.}) 13. Nxd5 {And now Bxc6 would win.} Bxb2 14. Rb1 {Weighted Error Value: White=0.04 (flawless) /Black=0.35} 1-0

[Event "SRB-ch Semifinal 2022"]
[Site "Paracin"]
[Date "2022.03.17"]
[Round "1.3"]
[White "Gagic, Milan A"]
[Black "Zajic, Milan"]
[Result "0-1"]
[WhiteElo "2150"]
[BlackElo "2450"]
[Annotator "TA"]
[PlyCount "120"]
[EventDate "2022.03.17"]
[EventType "swiss"]
[EventCountry "SRB"]
[SourceTitle "playchess.com"]
[Source "ChessBase"]
[SourceQuality "1"]

{[%evp 10,120,21,13,45,44,44,36,51,49,43,47,50,49,68,45,67,35,102,102,98,91,95,90,95,97,93,89,163,149,148,75,110,87,91,64,62,68,69,0,0,0,0,0,0,0,0,0,0,0,0,0,0,-12,0,-15,-10,-16,-11,-20,0,0,0,0,0,0,0,0,0,0,-2,-9,-18,-458,-449,-741,-628,-891,-385,-821,-539,-595,-680,-1804,-381,-12838,-12839,-12841,-12842,-12842,-12843,-12843,-12843,-12845,-12845,-12846,-12847,-12850,-12850,-12850,-27999,-27999,-27999,-27999,-27999,-27999,-27999,-27999,-27999,-27999,-27999,-27999,-27999]} 1. e4 c5 2. Nf3 Nc6 3. Bb5 g6 4. Bxc6 dxc6 5. d3 Bg7 6. h3 Nh6 {B31: Sicilian: 2...Nc6 3 Bb5 g6.} 7. a4 O-O 8. O-O f6 {[#] White is slightly better.} 9. Be3 $146 ({Predecessor:} 9. a5 Nf7 10. Be3 f5 11. Bxc5 Bxb2 12. Ra4 Bg7 13. Nbd2 Re8 14. Qb1 e5 15. Qb3 {1-0 (30) Mlynareik,S (2002)-Tanis,C (2307) ICCF email 2005}) 9... b6 10. a5 {Hoping for axb6.} Ba6 11. Nc3 Nf7 12. Na4 Bb5 13. Nd2 f5 {[#]} (13... e5 $14) 14. exf5 $1 $16 gxf5 15. Qh5 e6 16. Nf3 Bxa4 17. Rxa4 Qf6 18. Rfa1 (18. Rh4 Qg6 $11) 18... Rab8 (18... Qxb2 $2 19. axb6 Qxb6 20. Re1 $18 (20. Ng5 Nxg5 21. Qxg5 a5 $14)) (18... b5 $16 {was called for.} 19. Rh4 Qg6) 19. axb6 $18 ({But not} 19. Rh4 $6 Qg6 $16) 19... axb6 20. c3 (20. Ra7 $142) 20... Qg6 21. Qxg6 hxg6 22. Ra7 {[%cal Ba4a7,Ba7c7,Bc7c6][%mdl 32]} e5 23. Rc7 f4 24. Bc1 (24. Bd2 $14) 24... Ra8 $1 $11 25. Rxa8 Rxa8 26. Kh2 ({Of course not} 26. Rxc6 Ra1 27. Kh2 (27. Rc8+ $2 Bf8 $19) 27... Rxc1 $17) 26... Rd8 27. Rxc6 Rxd3 28. Rxg6 Rd1 29. Bd2 e4 30. Bxf4 {Strongly threatening Nd2.} exf3 31. Rxb6 Ne5 32. gxf3 Nd3 33. Bg3 Rd2 {[%csl LRb2,LRf2]} 34. Rd6 Ne5 35. Rxd2 {And now Bxe5 would win.} Nxf3+ 36. Kg2 Nxd2 {[%mdl 4096] Endgame} 37. Bd6 c4 38. f3 Nb3 39. Kf2 Kf7 40. Ke3 Ke6 41. Bf4 {[%mdl 8192] [#]} (41. Bb8 $1 $11 {and White has nothing to worry.}) 41... Nc5 $1 $19 {White must now prevent ...Nd3.} 42. Bc7 (42. Bg3 $142 Na4 43. Ke4) 42... Na4 43. h4 Nxb2 44. h5 $2 (44. Kd2) 44... Bxc3 45. h6 Kf5 46. h7 Kg6 $2 (46... Bg7 47. f4 c3) 47. f4 $2 (47. Bb6 Kxh7 48. Bd4 Nd1+ 49. Ke4) 47... Kxh7 48. Bb6 Na4 49. Bc7 Kg6 50. Ke4 Bf6 51. f5+ Kg5 52. Bf4+ Kg4 53. Bc1 Nc3+ 54. Ke3 Kxf5 55. Kd2 {Black mates.} Ke4 56. Kc2 Nb5 57. Bh6 Na3+ 58. Kc1 Kd3 59. Bf8 Bg5+ 60. Kb2 c3+ {Quite a comeback for Black.  Weighted Error Value: White=0.67/Black=0.24 (precise)} 0-1

[Event "SRB-ch Semifinal 2022"]
[Site "Paracin"]
[Date "2022.03.17"]
[Round "1.4"]
[White "Ratkovic, Milovan"]
[Black "Pantelic, Sasa"]
[Result "1-0"]
[WhiteElo "2440"]
[BlackElo "2177"]
[Annotator "TA"]
[PlyCount "139"]
[EventDate "2022.03.17"]
[EventType "swiss"]
[EventCountry "SRB"]
[SourceTitle "playchess.com"]
[Source "ChessBase"]
[SourceQuality "1"]

{[%evp 10,139,30,14,37,-35,111,98,100,108,97,96,212,213,223,214,218,220,200,168,169,166,165,163,190,161,231,201,239,161,164,115,160,145,173,172,156,160,131,158,162,133,141,58,253,173,172,156,186,72,72,72,72,72,72,72,72,55,72,72,72,56,72,72,103,72,72,72,72,72,72,72,130,65,70,65,65,65,72,65,192,189,189,189,202,192,218,211,211,208,200,192,192,192,192,192,194,181,438,243,257,174,214,183,259,244,244,140,131,129,369,240,258,235,377,350,12835,12836,12837,12835,12837,12838,12839,12839,12841,12841,12841,12842,12846,12847,12850,27999]} 1. d4 g6 2. e4 Bg7 3. Nc3 d6 4. Be3 Nf6 5. h3 O-O 6. g4 e5 {B07: Pirc Defence: Miscellaneous Systems.} (6... d5 $5 {[%cal Rf6e4]}) 7. Nge2 (7. dxe5 $14 dxe5 8. Nf3) 7... d5 (7... exd4 $1 $15 {stays ahead.} 8. Bxd4 (8. Qxd4 $2 Nxg4 9. Qd2 Nxe3 $17) (8. Nxd4 d5 $11) 8... Nc6) 8. dxe5 $16 Nxe4 {White is better.} 9. Qxd5 Nxc3 10. Nxc3 {[#]} Qe8 $146 (10... Qxd5 $16 11. Nxd5 Bxe5) ({Predecessor:} 10... Qxd5 11. Nxd5 Bxe5 12. O-O-O Be6 13. f4 Bd6 14. f5 Bxd5 15. Rxd5 Re8 16. Bg5 a6 17. Bc4 Nd7 18. fxg6 {½-½ (18) Struik,T (2189)-Wempe,J (2302) Dieren 2003}) 11. f4 $18 Bd7 12. Bg2 (12. Qxb7 $2 Bc6 13. Qxc7 Bxh1 $19) 12... Bc6 13. Qd2 g5 14. O-O-O gxf4 15. Bxf4 Bxg2 16. Qxg2 Nc6 17. Nd5 Qe6 (17... Nxe5 {is a better defense.} 18. Rde1 (18. Nxc7 Qa4 $14) 18... Qe6) 18. Kb1 (18. Nxc7 $6 Qc4 19. Qf1 Qxa2 20. Nxa8 Rxa8 $14) 18... Nxe5 19. Rhe1 Rad8 20. g5 (20. Nxc7 $6 Qb6 21. Rxd8 (21. Nd5 Rxd5 22. Qxd5 Nc4 $11) 21... Rxd8 $14) (20. Bc1 $18) 20... Kh8 (20... c6 $142) 21. a3 (21. Nxc7 Qc4 $16) 21... c6 22. Nf6 {Strongly threatening Rxd8.} Rxd1+ 23. Rxd1 {And now Re1 would win.} Bxf6 24. gxf6 Qxf6 25. Rf1 Qe6 26. Qf2 (26. Rg1 $16 {[%csl Gg1][%cal Rg2g7]} Ng6 27. Bd2) 26... Ng6 $2 (26... f6 $1 $14) 27. Bh6 (27. Qxa7 Qc4 28. Qf2 Nxf4 29. Qxf4 Qxf4 30. Rxf4 f5 $11) 27... Re8 28. h4 (28. Qxf7 $6 Qxf7 29. Rxf7 Re7 $11) 28... f6 {[#]} 29. Qxa7 (29. h5 $1 $18 {[%cal Rh5g6] has better winning chances.} Ne7 30. Qxa7 (30. Qxf6+ Qxf6 31. Rxf6 Ng8 $11)) 29... Qh3 $16 30. Rg1 (30. Rxf6 Qxh4 31. Rf1 Qxh6 $17) 30... Qxh4 31. Bd2 Re7 32. Bc3 {[%mdl 1024] White has strong compensation.} Kg7 33. a4 Rd7 34. a5 {aiming for a6.} Rf7 35. Qb6 Qc4 36. Qe3 Qh4 37. Qf3 Qc4 38. Qh3 Qc5 39. Rh1 Kg8 40. Rf1 Qe7 ({Better is} 40... Qd6) 41. Re1 (41. a6 $16 {Threatens to win with Qc8+.} bxa6 42. Qc8+ Nf8 43. Qxc6) 41... Qd7 $14 {To avoid Qc8+} 42. Qh6 Qd6 43. b3 Qf8 44. Qh3 {White is more active.} Kg7 {[#]} (44... Qd8 $14) 45. Rh1 $1 $18 {[%csl Gh1][%cal Rh3h7]} Qg8 46. Kb2 ({Much less strong is} 46. a6 $6 bxa6 47. Qe6 c5 $16) 46... Kh8 47. Qe6 {Inhibits Ne5.} Kg7 48. a6 bxa6 49. Qxc6 Qd8 50. Qxa6 Qd5 51. Rf1 Ne5 52. Rg1+ Ng6 53. b4 {[%cal Bb3b4,Bb4b5][%mdl 32]} Qf5 $2 (53... h6 {keeps fighting.} 54. Qe2 h5) 54. Qc6 (54. Rf1 $142 Qd5 55. Rxf6 Rxf6 56. Qxf6+ Kh6 57. Qg7+ Kg5 58. Qxh7) 54... Qf4 55. Rd1 Ne5 56. Qg2+ Ng6 (56... Qg4 {was necessary.} 57. Qh1 Qc4 58. Rg1+ Ng6) 57. b5 Qc4 58. Qd5 (58. Qc6 $18 Qxc6 59. bxc6) 58... Qxd5 $16 59. Rxd5 {[%mdl 4096] Endgame Black must now prevent b6. KRB-KRN} Nf4 $2 (59... Rb7 $16 60. Be1 Nf4) 60. Rg5+ Kf8 61. Rf5 {[%csl LRf4,LRf6]} Ne6 (61... Ng6 $142 62. Bxf6 (62. Rxf6 Rxf6 63. Bxf6 Ke8 $18) 62... Ke8) 62. Rxf6 $18 Rxf6 $2 (62... Nd8 63. Bb4+ Kg7) 63. Bxf6 {KB-KN. White is clearly winning.} Ke8 64. c4 Kd7 65. Kc3 h5 66. Kb4 Nf4 67. Ka5 Ne6 68. Kb6 Kc8 69. Kc6 Nd8+ 70. Bxd8 {Weighted Error Value: White=0.23 (precise) /Black=0.33} 1-0

[Event "SRB-ch Semifinal 2022"]
[Site "Paracin"]
[Date "2022.03.17"]
[Round "1.5"]
[White "Stanojevic, Ilija"]
[Black "Stankovic, Milos"]
[Result "1/2-1/2"]
[WhiteElo "2155"]
[BlackElo "2412"]
[Annotator "ChessBase"]
[PlyCount "65"]
[EventDate "2022.03.17"]
[EventType "swiss"]
[EventCountry "SRB"]
[SourceTitle "playchess.com"]
[Source "ChessBase"]
[SourceQuality "1"]
[TimeControl "40/5400+30:1800+30"]

1. d4 {[%emt 0:00:07]} Nf6 {[%emt 0:01:09]} 2. c4 {[%emt 0:00:26]} e6 {[%emt 0:01:32]} 3. g3 {[%emt 0:00:34]} d5 {[%emt 0:03:33]} 4. Bg2 {[%emt 0:00:37]} Bb4+ {[%emt 0:01:36]} 5. Nd2 {[%emt 0:00:43]} a5 {[%emt 0:01:22]} 6. Ngf3 {[%emt 0:02:22]} O-O {[%emt 0:01:31]} 7. O-O {[%emt 0:00:39]} b6 {[%emt 0:01:21]} 8. cxd5 {[%emt 0:04:49]} exd5 {[%emt 0:04:31]} 9. Ne5 {[%emt 0:01:47]} Bb7 {[%emt 0:01:34]} 10. Ndf3 {[%emt 0:02:42]} Ne4 {[%emt 0:07:34]} 11. Bf4 {[%emt 0:12:28]} a4 {[%emt 0:10:17]} 12. a3 {[%emt 0:20:00]} Bd6 {[%emt 0:01:00]} 13. Nd2 {[%emt 0:17:46]} Nd7 {[%emt 0:27:03]} 14. Nxe4 {[%emt 0:13:40]} dxe4 {[%emt 0:03:03]} 15. Nxd7 {[%emt 0:00:12]} Qxd7 {[%emt 0:00:10]} 16. Bxd6 {[%emt 0:00:15]} cxd6 {[%emt 0:02:20]} 17. Qd2 {[%emt 0:02:53]} Qb5 {[%emt 0:01:17]} 18. e3 {[%emt 0:02:41]} Rfc8 {[%emt 0:02:11]} 19. Rfc1 {[%emt 0:00:35]} Bd5 {[%emt 0:03:16]} 20. Bf1 {[%emt 0:01:18]} Qb3 {[%emt 0:00:35]} 21. Rc3 {[%emt 0:07:21]} Rxc3 {[%emt 0:01:11]} 22. Qxc3 {[%emt 0:00:05]} Qxc3 {[%emt 0:00:57]} 23. bxc3 {[%emt 0:00:06]} Rc8 {[%emt 0:00:19]} 24. Rc1 {[%emt 0:00:14]} Kf8 {[%emt 0:02:12]} 25. Bb5 {[%emt 0:01:31]} Bb3 {[%emt 0:00:35]} 26. Kf1 {[%emt 0:00:52]} Ke7 {[%emt 0:01:19]} 27. Ke2 {[%emt 0:00:48]} d5 {[%emt 0:01:05]} 28. Kd2 {[%emt 0:00:16]} f5 {[%emt 0:00:22]} 29. h4 {[%emt 0:01:10]} Kf6 {[%emt 0:00:47]} 30. Be2 {[%emt 0:01:27]} h6 {[%emt 0:01:36]} 31. Rb1 {[%emt 0:00:53]} Rb8 {[%emt 0:01:10]} 32. Bd1 {[%emt 0:01:13]} Bxd1 {[%emt 0:00:10]} 33. Kxd1 {[%emt 0:00:10]} 1/2-1/2

[Event "SRB-ch Semifinal 2022"]
[Site "Paracin"]
[Date "2022.03.17"]
[Round "1.6"]
[White "Radovanovic, Nikola"]
[Black "Micic, Aleksa"]
[Result "1-0"]
[WhiteElo "2413"]
[BlackElo "2133"]
[Annotator "TA"]
[PlyCount "147"]
[EventDate "2022.03.17"]
[EventType "swiss"]
[EventCountry "SRB"]
[SourceTitle "playchess.com"]
[Source "ChessBase"]
[SourceQuality "1"]

{[%evp 12,147,17,14,24,18,43,44,44,34,70,63,70,62,74,73,109,53,51,54,69,68,118,65,124,108,165,137,168,134,150,118,111,87,107,0,0,0,0,-39,291,290,397,147,206,163,150,149,144,110,110,110,110,110,110,110,110,110,110,110,110,14,176,0,213,213,213,213,213,213,213,213,213,213,213,213,544,526,520,378,454,288,523,531,955,947,930,927,793,770,905,909,909,908,904,878,849,838,986,466,472,452,400,194,194,114,106,106,106,106,106,0,0,0,106,29,252,125,125,125,426,426,1341,1001,29981,29982,29984,29972,29979,29972,29970,29973,29973,29974,29971,5544,29994,153]} 1. e4 c5 2. Nc3 a6 3. Nf3 {[%cal Bg1f3,Bf3d4,Bd4e2,Be2g3][%mdl 32]} d6 4. d4 cxd4 5. Nxd4 Nf6 6. h3 e5 {6...e5 is better than 6...e6.} 7. Nde2 h6 {B90: Sicilian Najdorf: Unusual White 6th moves, 6 Be3 Ng4 and 6 Be3 e5.} 8. g4 Be7 9. Bg2 b5 {White is slightly better.} 10. Ng3 g6 11. Be3 Nbd7 12. Qd2 {[#]} Nb6 $146 ({Predecessor:} 12... Bf8 13. O-O Bb7 14. Rfd1 Rc8 15. Rac1 Nb6 16. Bxb6 Qxb6 17. Nd5 Bxd5 18. exd5 Be7 {0-1 (41) Adams,M (2033)-Jones,V (1993) Hinckley Island 2009}) 13. b3 {Prevents Nc4.} Qc7 14. a4 (14. O-O $16) 14... b4 15. Nd5 Nbxd5 16. exd5 a5 (16... h5 $14) 17. O-O {[%cal Bh1f1,Bf1f4,Bf4c4][%mdl 32]} ({Better is} 17. f4 $16) 17... Bb7 (17... Nd7 $14) 18. f4 $16 exf4 (18... Nd7 $16) 19. Rxf4 $18 Nd7 20. Rc4 Qd8 21. Bxh6 {White is much more active. Black has bad knights.} Ne5 22. Re4 Qc7 {[%cal Oh8h6]} 23. Be3 (23. Bf4 $16) 23... Rxh3 $11 24. Rxe5 Rxg3 25. Re4 {Black must now prevent Re1.} (25. Rxe7+ $5 Kxe7 26. Bf2 $11) 25... f5 $2 {[%mdl 8192]} (25... Qc3 $1 $15 {keeps the upper hand.} 26. Qxc3 bxc3) 26. Rc4 $1 $18 Qd7 27. Bf2 $2 (27. Re1 $1 $18 {Hoping for Bg5.} Kf8 28. Bb6 Rxg2+ 29. Kxg2) 27... Rxg4 $16 28. Rxg4 fxg4 29. Re1 {[%cal Ba1e1,Be1e4,Be4c4][%mdl 32]} O-O-O 30. Re4 Rf8 31. Rc4+ $1 Kb8 32. Qe3 $36 {[%csl Gf2][%cal Re3a7][%mdl 2048] White has strong initiative.} Rxf2 33. Qxf2 Bd8 34. Rf4 g5 35. Rf8 Qe7 {[%cal Og4g3]} 36. Be4 g3 $2 (36... Qxe4 $11 {and Black stays safe.} 37. Rxd8+ Kc7) 37. Qf7 $2 (37. Qf3 $1 $18) 37... Qxf7 $2 (37... Qxe4 $11 {and Black has nothing to worry.} 38. Rxd8+ Bc8) 38. Rxf7 $11 {[%mdl 4096] Endgame KRB-KB} Bb6+ 39. Kg2 Be3 40. Kxg3 Ka7 41. Kf3 Bf4 42. Bf5 Kb6 43. Ke4 Ba8 $2 (43... Be5 44. Rf8 Kc7 45. Rf7+ Kb6) 44. Bc8 $18 Be5 45. Rh7 Bc3 46. Re7 Bb2 $2 (46... g4 {was necessary.} 47. Bxg4 Bb7) 47. Re8 Kc5 48. Be6 {Threatening mate with Rb8.} Bb7 49. Rb8 Ba6 50. Bd7 {Bb5 is the strong threat.} Bf1 51. Rc8+ Kb6 52. Rc6+ Kb7 53. Bc8+ Kb8 54. Be6 Be5 55. Kf5 (55. Kf3 $142 Ka7 56. Bc8) 55... Bf4 56. Kf6 {Threatens to win with Ke7.} Be2 57. Ke7 $1 g4 {[#]} 58. Bxg4 $1 {[%mdl 512]} Bxg4 $16 59. Rc4 Bg5+ 60. Kxd6 Be2 61. Re4 Bd1 $1 62. Rc4 {And now Rc5 would win.} Be2 $1 63. Rc5 (63. Rd4 $16) 63... Bd8 $2 {[#]} (63... Be3 $11 {and Black is okay.}) 64. Kc6 (64. Kd7 $1 $18 {[%cal Rd7d8] and the rest is easy.} Bb6 65. Rc6) 64... Kc8 {[#]} 65. c3 $1 {[%cal Bc2c3,Bc3b4,Bb4b5][%mdl 32]} Bd1 $2 {[%mdl 8192]} (65... bxc3 $16 {is a better chance.} 66. Kd6+ (66. Rxc3 Bg4 $16) 66... Kb7) 66. cxb4 $18 Bxb3 (66... axb4 $142 67. Kd6+ Kb7) 67. b5 Bxa4 68. d6 Bd1 69. d7+ Kb8 70. Kd6 Kb7 71. Rc8 Bb6 72. d8=Q Bxd8 73. Rxd8 {White threatens Kc5 and mate.} Kb6 74. Rb8+ {Weighted Error Value: White=0.38/Black=0.49} 1-0

[Event "SRB-ch Semifinal 2022"]
[Site "Paracin"]
[Date "2022.03.17"]
[Round "1.7"]
[White "Milosevic, Aleksandar J"]
[Black "Perunovic, Miodrag"]
[Result "0-1"]
[WhiteElo "2135"]
[BlackElo "2413"]
[Annotator "TA"]
[PlyCount "138"]
[EventDate "2022.03.17"]
[EventType "swiss"]
[EventCountry "SRB"]
[SourceTitle "playchess.com"]
[Source "ChessBase"]
[SourceQuality "1"]

{[%evp 9,138,-3,2,-4,24,13,67,-15,19,20,31,8,20,-7,0,5,4,-34,-23,-66,-62,-69,-33,-45,29,14,38,0,0,-26,43,4,77,14,14,16,30,0,0,0,0,0,0,0,0,0,0,0,0,0,27,0,35,8,8,8,8,8,10,0,0,0,0,-43,-55,-30,-30,-134,0,0,0,0,-4,-25,0,0,0,0,0,0,0,-76,-39,-35,-40,-77,-54,-62,-64,-62,-10,-12,-14,-67,-67,-1839,-716,-857,-1062,-958,-584,-29944,-8,-29962,-29960,-29954,-85,-29966,-29964,-29967,-29965,-29970,-29955,-29967,-29968,-29977,-29978,-29978,-29978,-29978,-29973,-29975,-29975,-29979,-29980,-29982,-29983,-29986,-29985,-29988,-29989]} 1. d4 Nf6 2. Bf4 g6 3. Nc3 d5 4. e3 Bg7 5. h4 {[%cal Bh2h4,Bh4h5][%mdl 32]} c6 6. Be2 {A45: Trompowsky Attack.} Qa5 7. Qd2 b5 ({Better is} 7... h5 $1 $11) 8. f3 {[#]} (8. a3 $14) 8... Nfd7 $146 ({Predecessor:} 8... Nbd7 9. Nh3 Nh5 10. Nd1 Qxd2+ 11. Kxd2 Nxf4 12. Nxf4 e5 13. dxe5 Nxe5 14. Nf2 Rb8 {½-½ (14) Rapport,J (2334)-Rigo,J (2236) Zalakaros 2017}) 9. h5 e5 10. Bg3 O-O 11. Bf2 Re8 12. a3 Na6 13. g4 Rb8 14. Rd1 (14. Kf1 $11) 14... b4 $15 15. axb4 Nxb4 16. Kf1 c5 (16... Na2 $15 17. Nxa2 Qxa2) 17. dxe5 $11 Nxe5 18. Nxd5 {h6 is the strong threat.} (18. h6 $5 {[%cal Rh6g7]} Bh8 19. Nxd5 $14) 18... Ba6 {Threatens to win with ...Rbd8.} 19. Nxb4 Rxb4 ({Black should play} 19... Bxe2+ $11 20. Qxe2 (20. Nxe2 $2 Nxf3 21. Qd3 Qxb4 $19) 20... Qxb4) 20. b3 Qb6 (20... c4 $11) 21. Bxa6 (21. Rh3 $16) 21... Qxa6+ 22. Kg2 $1 Qb7 (22... Nxg4 23. fxg4 Rxg4+ 24. Kf3 $16) 23. Qd5 c4 {[%cal Oa7a5]} 24. Qxb7 Rxb7 25. e4 cxb3 26. cxb3 a5 27. Rd5 Rxb3 28. Rxa5 Rb2 29. Nh3 Nd3 30. Rf1 Ne5 (30... Bd4 $5) 31. Kg3 Rb3 32. Ng1 gxh5 33. gxh5 h6 34. Rd5 Kh7 35. Bd4 Nc4 36. Kf4 (36. Rf2 $11) 36... Bxd4 $15 37. Rxd4 Ne3 38. Rc1 (38. Rf2 $1 $11 {keeps the balance.}) 38... Rg8 {Black is more active.} (38... Ng2+ $1 $17 39. Kg4 (39. Kg3 $2 Rg8+ 40. Kf2 Nf4 $19) 39... Rg8+ 40. Kf5 Rb5+ 41. Kf6 Nf4) 39. e5 $11 Rg5 {Threatening ...Ng2+.} 40. Ke4 Ng2 {White should prevent ...Re3+.} 41. f4 Rg4 {[%mdl 1024] Black has compensation.} 42. Kf5 Ne3+ 43. Ke4 {Strongly threatening Rd7.} Ng2 $1 44. Kf5 Rh4 45. e6 (45. Ne2 $11 Re3 46. Rc7) 45... Kg7 ({Much weaker is} 45... Rxh5+ 46. Kf6 Rb6 47. Re4 fxe6 48. Rc7+ Kg8 49. Rg7+ Kf8 50. Rf7+ Kg8 51. Rg7+ (51. Rxe6 Rxe6+ 52. Kxe6 Ra5 $11) 51... Kf8 52. Kg6 $11 (52. Rf7+ Kg8 $11)) (45... Nxf4 $5 {[%cal Rb3b5]} 46. Rcc4 (46. Rxf4 $2 Rb5+ 47. Ke4 Rb4+ 48. Kd3 Rhxf4 $19) 46... fxe6+ 47. Kf6 Nxh5+ 48. Kxe6 Re3+ 49. Kd6 Rxd4+ 50. Rxd4 Kg6 $17) 46. exf7 Rxh5+ 47. Ke6 Rb6+ 48. Kd7 Rf5 $1 49. Kc7 Rbf6 ({Black should try} 49... Rg6 $15) 50. Ne2 Rxf7+ 51. Rd7 (51. Kc6 $1 $11) 51... Nxf4 $15 52. Nxf4 $4 {[%mdl 8192] Black keeps a firm grip on the game.} (52. Ng3 $15 Nd5+ 53. Kd8) 52... Rxf4 {[%mdl 4096] Endgame KRR-KRR} 53. Rg1+ Kf6 $1 54. Rxf7+ Kxf7 $19 {KR-KR} 55. Kd6 {[#]} Kf6 (55... Rf5 $1 56. Ra1 h5 57. Ra8 Rg5 58. Kd7 Kf6 59. Ra6+ Kg7 60. Ra4 Re5 61. Rf4 Kg6 62. Ra4 Kg5 63. Kd6 Rb5 64. Ke6 h4 65. Ra3 Rb4 66. Ke5 Kg4 67. Kd5 h3 68. Kc5 Rf4 69. Re3 h2 70. Re1 Rf5+ 71. Kc6 Rh5 72. Rh1 Kf3 73. Kd7 Kg2 74. Rb1 h1=Q 75. Rxh1 Rxh1 76. Kd6 Rh5 77. Kd7 Rh6 78. Ke8 Rh7 79. Kf8 Kf3 80. Kg8 Rc7 81. Kf8 Ke4 82. Ke8 Ke5 83. Kd8 Kd6 84. Ke8 Ke6 85. Kf8 Rd7 86. Ke8 Rd1 87. Kf8 Rg1 88. Ke8 Rg8#) 56. Kd5 $2 {[%mdl 8192]} (56. Rh1 $11) 56... h5 57. Rg8 {[#]} h4 $2 (57... Kf5 $1 {mates} 58. Rc8 h4 59. Rh8 Kg4 60. Rg8+ Kf3 61. Rh8 Kg3 62. Ke5 Rg4 63. Ra8 h3 64. Ra3+ Kh4 65. Ra2 Rg2 66. Ra1 Rd2 67. Ra8 h2 68. Kf4 Rd4+ 69. Ke3 Rd5 70. Ra1 Kh3 71. Rh1 Kg2 72. Ra1 h1=Q 73. Rxh1 Kxh1 74. Kf4 Kg2 75. Ke4 Rh5 76. Kf4 Kf2 77. Kg4 Re5 78. Kf4 Re3 79. Kg5 Kf3 80. Kf5 Re4 81. Kg6 Kf4 82. Kf6 Kg4 83. Kg6 Rf4 84. Kh7 Kh5 85. Kg7 Kg5 86. Kh8 Kh6 87. Kg8 Kg6 88. Kh8 Rf8#) 58. Rh8 $2 {[%mdl 8192]} (58. Rf8+ $17 Kg5 59. Rh8) 58... Kf5 {Black mates.} 59. Rh7 Kg4 60. Ke5 Kg3 61. Rh8 Rg4 62. Kf5 h3 {[%cal Bh4h3,Bh3h2][%mdl 32]} 63. Rh7 Rf4+ 64. Ke5 Rf3 65. Ke4 Kg2 66. Rg7+ Rg3 67. Rh7 h2 68. Kf4 Rf3+ 69. Ke4 Rh3 {Weighted Error Value: White=0.61/Black=0.41} 0-1